| 000 | 00350nam a2200133Ia 4500 | ||
|---|---|---|---|
| 003 | Ost | ||
| 005 | 20260225132556.0 | ||
| 008 | 260225s9999||||xx |||||||||||||| ||und|| | ||
| 040 | _cfsic | ||
| 041 | _afre | ||
| 082 | _a440 | ||
| 245 | 0 | _aIndex de la cinématographie française 1957 B analyse critique complète de tous les films / | |
| 942 | _cكتاب | ||
| 999 |
_c34486 _d34486 |
||